Špičková prezentace jak zaujmout a přesvědčit posluchače

Salvato in:
Dettagli Bibliografici
Autore principale: Koegel, Timothy J.
Natura: Libro
Lingua:ceco
Pubblicazione: Brno Computer Press, a.s. 2009
Soggetti:
Tags: Aggiungi Tag
Nessun Tag, puoi essere il primo ad aggiungerne!!

MARC

LEADER 00000nam a2200000 4500
001 0119426
005 20240313133543.6
020 |a 978-80-251-2008-8 
041 0 |a cze 
044 |a CZ 
245 1 0 |a Špičková prezentace  |b jak zaujmout a přesvědčit posluchače  |c Timothy J. Koegel 
264 1 |a Brno  |b Computer Press, a.s.  |c 2009 
300 |a 180 s. 
610 2 0 |a komunikácia 
610 2 0 |a komunikácia firemná 
610 2 0 |a prezentácia firemná 
610 2 0 |a komunikácia manažérska 
100 1 |a Koegel, Timothy J.